<?xml version="1.0" encoding="UTF-8"?><?xml-stylesheet type="text/xsl" href="static/style.xsl"?><OAI-PMH xmlns="http://www.openarchives.org/OAI/2.0/" xmlns:xsi="http://www.w3.org/2001/XMLSchema-instance" xsi:schemaLocation="http://www.openarchives.org/OAI/2.0/ http://www.openarchives.org/OAI/2.0/OAI-PMH.xsd"><responseDate>2026-06-01T18:50:58Z</responseDate><request verb="GetRecord" identifier="oai:riuma.uma.es:10630/29796" metadataPrefix="marc">https://riuma.uma.es/rest/oai/request</request><GetRecord><record><header><identifier>oai:riuma.uma.es:10630/29796</identifier><datestamp>2026-02-03T12:16:04Z</datestamp><setSpec>com_10630_2254</setSpec><setSpec>col_10630_37959</setSpec></header><metadata><record xmlns="http://www.loc.gov/MARC21/slim" xmlns:dcterms="http://purl.org/dc/terms/" xmlns:doc="http://www.lyncode.com/xoai" xmlns:xsi="http://www.w3.org/2001/XMLSchema-instance" xsi:schemaLocation="http://www.loc.gov/MARC21/slim http://www.loc.gov/standards/marcxml/schema/MARC21slim.xsd">
   <leader>00925njm 22002777a 4500</leader>
   <datafield ind2=" " ind1=" " tag="042">
      <subfield code="a">dc</subfield>
   </datafield>
   <datafield ind2=" " ind1=" " tag="720">
      <subfield code="a">Muñoz-Alba, Fernando</subfield>
      <subfield code="e">author</subfield>
   </datafield>
   <datafield ind2=" " ind1=" " tag="720">
      <subfield code="a">Badía-Domínguez, María Irene</subfield>
      <subfield code="e">author</subfield>
   </datafield>
   <datafield ind2=" " ind1=" " tag="720">
      <subfield code="a">Sancho-García, Juan-Carlos</subfield>
      <subfield code="e">author</subfield>
   </datafield>
   <datafield ind2=" " ind1=" " tag="720">
      <subfield code="a">Ruiz-Delgado, María del Carmen</subfield>
      <subfield code="e">author</subfield>
   </datafield>
   <datafield ind2=" " ind1=" " tag="260">
      <subfield code="c">2024-02</subfield>
   </datafield>
   <datafield ind2=" " ind1=" " tag="520">
      <subfield code="a">Carbazole (Cz) units have been recognized as crucial conjugated cores in organic electronics due to their good electro- and photoactive properties compared to other heterocycles.1 Furthermore, conjugated macrocycles should be useful building blocks for the construction of 2D porous surface networks or 3D inclusion complexes among other supramolecular structures.2 One of the most interesting features of conjugated cyclic oligomers is that their electronic, structural, and optical properties can be tuned as a function of their interior and exterior domains. Therefore, a systematic study of conjugated macrocycles with well-defined diameters has crucial importance to establish structure-property relationships of these materials. For that purpose, we carried out a purely theoretical study of coronoid molecules based on three different indolocarbazoles (ICz) structural isomers (see Figure 1) as indolo[2,3-a]carbazole (23a-4MC), indolo[2,3-b]carbazole (23b-4MC) and indolo[3,2-b]carbazole (32b-4MC). This work aims to identify new macrostructures with interesting electronic properties as well as to display the usefulness of the theoretical tools to advance knowledge in the organic electronics field</subfield>
   </datafield>
   <datafield ind1="8" ind2=" " tag="024">
      <subfield code="a">https://hdl.handle.net/10630/29796</subfield>
   </datafield>
   <datafield tag="653" ind2=" " ind1=" ">
      <subfield code="a">Electrónica orgánica - Congresos</subfield>
   </datafield>
   <datafield ind2="0" ind1="0" tag="245">
      <subfield code="a">Theoretical study of the electronic and charge transport properties of Coronoid Carbazole-based Macrocycles</subfield>
   </datafield>
</record>
</metadata></record></GetRecord></OAI-PMH>